Before trans : three gender stories from nineteenth-century France /

Guardat en:
Dades bibliogràfiques
Autor principal: Mesch, Rachel
Format: Llibre
Idioma:anglès
Publicat: Stanford : Stanford University Press, 2020
Etiquetes: Afegir etiqueta
Sense etiquetes, Sigues el primer a etiquetar aquest registre!

MARC

LEADER 00000nam a22000007i 4500
001 IT\ICCU\UBO\4877562
003 ItRI
005 20260115232012.0
008 250512s2020 xxu|||||| ||||| |||||c
020 |a 9781503606739 
040 |b ita  |c importazione bologna sebina 
041 7 |a eng  |2 ISO-639-2 
100 1 |a Mesch, Rachel  |0 IT\ICCU\UBOV\157070 
240 1 0 |a Before trans  |3 IT\ICCU\UBO\4877566  |9 Mesch, Rachel 
245 1 0 |a Before trans :  |b three gender stories from nineteenth-century France /  |c Rachel Mesch. 
260 |a Stanford :  |b Stanford University Press,  |c 2020 
300 |a 351 p. :  |b ill. ;  |c 24 cm 
942 |2 ddc  |c BK  |n 0 
952 |0 0  |1 0  |4 0  |6 T_306_760000000000000_MES  |7 0  |9 18703  |a BO  |b BO  |d 2026-01-15  |i 20740  |l 0  |o T 306.76 MES  |p BO20740  |r 2026-01-15 23:20:12  |w 2026-01-15  |x [Sebina 5] [1 v.]  |y BK  |z 1 v. 
999 |c 15866  |d 15866